|
003 -Nazwa inst., której nr kontr. jest w polu 001 [,]
|
-
- @
- Nazwa instytucji, której n kontrolny jest w polu 001
- NUKAT
|
|
005 -DATA I CZAS OSTATNIEJ MODYFIKACJI [,]
|
-
- @
- pole kontrolne
- 20241231094223.0
|
|
020 -Międzynarod. znormalizowany nr książki - ISBN [ , ]
|
-
- a
- Numer ISBN
- 9788378753957
|
|
040 -Instytucja sporządzająca opis [ , ]
|
-
- a
- Instytucja, która sporządziła opis (NP)
- WR U/JH
-
- b
- Język katalogowania
- pol
-
- e
- Zasady katalogowania
- rda
-
- c
- Instytucja, która sporządziła rekord (NP)
- WR U/JH
-
- d
- Instytucja, która zmodyfikowała rekord (P)
- WR U/hp
-
- d
- Instytucja, która zmodyfikowała rekord (P)
- Ł U/APs
-
- d
- Instytucja, która zmodyfikowała rekord (P)
- WA 14/MBs
|
|
942 -Rodzaj dokumentu [ , ]
|
-
- c
- Rodzaj dokumentu
- Książka
|
|
300 -Strefa opisu fizycznego [ , ]
|
-
- a
- Określenie formy książki i/lub objętość (NP)
- 164 strony :
-
- b
- Oznaczenie ilustracji (NP)
- ilustracje ;
-
|
|
336 -Typ zawartości [ , ]
|
-
- a
- Termin opisujący typ zawartości
- Tekst
-
- b
- Kod określający zawartość
- txt
-
- 2
- Źródło (terminu i kodu)
- rdacontent
|
|
337 -Typ mediów [ , ]
|
-
- a
- Tryb odtwarzania
- Bez urządzenia pośredniczącego
-
-
- 2
- Źródło (terminu i kodu)
- rdamedia
|
|
338 -Typ/rodzaj nośnika [ , ]
|
-
- a
- Hasło opisujące typ nośnika
- Wolumin
-
-
- 2
- Źródło (terminu i kodu)
- rdacarrier
|
|
380 -Deskryptor - Forma dzieła (P) [ , ]
|
-
- a
- forma dzieła (NP)
- Książki
|
|
380 -Deskryptor - Forma dzieła (P) [ , ]
|
-
- a
- forma dzieła (NP)
- Publikacje naukowe
|
|
388 -Deskryptor - czas powstania dzieła (P) [1, ]
|
-
- a
- Czas powstania dzieła (NP)
- 1901-2000
|
|
388 -Deskryptor - czas powstania dzieła (P) [1, ]
|
-
- a
- Czas powstania dzieła (NP)
- 1945-1989
|
|
388 -Deskryptor - czas powstania dzieła (P) [1, ]
|
-
- a
- Czas powstania dzieła (NP)
- 1989-2000
|
|
388 -Deskryptor - czas powstania dzieła (P) [1, ]
|
-
- a
- Czas powstania dzieła (NP)
- 2001-
|
|
504 -Uwaga dot. bibliogr. załącznikowej [ , ]
|
-
- a
- Uwaga dot. bibliografii załącznikowej
- Bibliografia publikacji Zygmunta Rytla na stronach 156-158.
|
|
504 -Uwaga dot. bibliogr. załącznikowej [ , ]
|
-
- a
- Uwaga dot. bibliografii załącznikowej
- Bibliografia publikacji o życiu i dziele Zygmunta Rytla na stronach 159-160.
|
|
505 -Uwaga dot. zawartości książki [0, ]
|
-
- a
- Uwaga dot. zawartości książki
- Kierownictwo ; Teoretyczne podstawy organizacji.
|
|
534 -Uwaga dot. podstawy reprodukcji [ , ]
|
-
- p
- Określenie wprowadzające
- Reprint, oryginał:
-
- t
- Tytuł oryginału
- Teoretyczne podstawy organizacji.
-
- c
- Adres wydawniczy oryginału
- Kraków ; Poznań : Wydawnictwo Instytutu Naukowego i Kierownictwa, 1947.
|
|
534 -Uwaga dot. podstawy reprodukcji [ , ]
|
-
- p
- Określenie wprowadzające
- Oryginał pracy współwydanej:
-
- t
- Tytuł oryginału
- Kierownictwo.
-
- c
- Adres wydawniczy oryginału
- Katowice : Wyższe Studium Nauk Społeczno-Gospodarczych. Wydział Organizacji Przemysłowej, 1947.
|
|
650 -Hasło przedmiotowe [ ,7]
|
-
- a
- Hasło przedmiotowe
- Organizacja.
-
-
|
|
650 -Hasło przedmiotowe [ ,7]
|
-
- a
- Hasło przedmiotowe
- Zarządzanie.
-
-
|
|
650 -Hasło przedmiotowe [ ,7]
|
-
- a
- Hasło przedmiotowe
- Organizacja pracy
-
-
|
|
650 -Hasło przedmiotowe [ ,7]
|
-
- a
- Hasło przedmiotowe
- Produktywność pracy
-
-
|
|
650 -Hasło przedmiotowe [ ,7]
|
-
- a
- Hasło przedmiotowe
- Zarządzanie
-
-
|
|
655 -Hasło w funkcji tematu formalnego [ ,7]
|
-
-
-
|
|
655 -Hasło w funkcji tematu formalnego [ ,7]
|
-
-
|
|
658 -Ujęcie treści [ , ]
|
-
- a
- dziedzina nauki i sztuki/ sfera aktywności życiowej
- Gospodarka, ekonomia, finanse
|
|
658 -Ujęcie treści [ , ]
|
-
- a
- dziedzina nauki i sztuki/ sfera aktywności życiowej
- Zarządzanie i marketing
|